[Event "HUN-chT2 Asztalos 1819"]
[Site "Hungary"]
[Date "2019.01.27"]
[Round "4.10"]
[White "Jaeger, Laszlo"]
[Black "Nagy, Balazs"]
[Result "1-0"]
[WhiteElo "1866"]
[BlackElo "1755"]
[PlyCount "89"]
[EventDate "2018.10.28"]
[EventType "team-tourn"]
[EventRounds "9"]
[EventCountry "HUN"]
[SourceTitle "CBM 189 Extra"]
[Source "ChessBase"]
[SourceDate "2019.06.03"]
[SourceVersion "1"]
[SourceVersionDate "2019.06.03"]
[SourceQuality "1"]
[WhiteTeam "Baja Spartacus"]
[BlackTeam "Marcali"]
[WhiteTeamCountry "HUN"]
[BlackTeamCountry "HUN"]

1. e4 c5 2. Nf3 g6 3. d4 cxd4 4. Nxd4 Nc6 5. Be3 Bg7 6. c3 Nf6 7. f3 0-0 8. Na3 d5 9. Nxc6 bxc6 10. e5 Ne8 11. f4 f6 12. exf6 Nxf6 13. Be2 Ne4 14. 0-0 e5 15. fxe5 Bxe5 16. Rxf8+ Qxf8 17. Bd4 Qh6 18. Bf3 Qxh2+ 19. Kf1 Ba6+ 20. c4 Rf8 21. Bxe5 Rxf3+ 22. Qxf3 Qxe5 23. Kg1 Nd2 24. Qc3 Qxc3 25. bxc3 Nxc4 26. Nxc4 Bxc4 27. a4 Bb3 28. Kf2 h5 29. Ke3 c5 30. Kf4 Kf7 31. Ke5 Ke7 32. Rf1 a6 33. Rf6 d4 34. cxd4 cxd4 35. Rxg6 d3 36. Rd6 Bc2 37. a5 h4 38. Rd4 Kf7 39. Kf4 Ke6 40. Ke3 Kf5 41. Rxh4 Kg5 42. Rd4 Kf5 43. Rd6 Ba4 44. Rxa6 Bb5 45. Rb6 1-0

[Event "HUN-chT2 Asztalos 1819"]
[Site "Hungary"]
[Date "2018.10.28"]
[Round "1.10"]
[White "Jaeger, Laszlo"]
[Black "Szalai, Laszlo"]
[Result "1-0"]
[WhiteElo "1866"]
[BlackElo "1573"]
[PlyCount "91"]
[EventDate "2018.10.28"]
[EventType "team-tourn"]
[EventRounds "9"]
[EventCountry "HUN"]
[SourceTitle "CBM 189 Extra"]
[Source "ChessBase"]
[SourceDate "2019.06.03"]
[SourceVersion "1"]
[SourceVersionDate "2019.06.03"]
[SourceQuality "1"]
[WhiteTeam "Baja Spartacus"]
[BlackTeam "Sarosd"]
[WhiteTeamCountry "HUN"]
[BlackTeamCountry "HUN"]

1. e4 c5 2. Nf3 d6 3. d4 cxd4 4. Nxd4 Nf6 5. Nc3 g6 6. f3 Bg7 7. Be3 a6 8. Qd2 Nc6 9. 0-0-0 Nxd4 10. Bxd4 0-0 11. g4 b5 12. Ne2 a5 13. Ng3 b4 14. g5 Nd7 15. Bxg7 Kxg7 16. h4 Rh8 17. Qd4+ Kg8 18. Bc4 Nb6 19. Bd5 Nxd5 20. exd5 Rb8 21. Rd3 Qb6 22. Re1 Qxd4 23. Rxd4 Kf8 24. Re3 a4 25. b3 axb3 26. cxb3 Ra8 27. Kb2 Rb8 28. Ree4 e6 29. dxe6 Bxe6 30. Rxb4 Rc8 31. Red4 d5 32. Rb7 Kg7 33. a4 Rc6 34. h5 Rhc8 35. h6+ Kf8 36. Rd2 Rc3 37. Ne2 Rxf3 38. Nd4 Re3 39. Nxe6+ fxe6 40. Rxh7 Kg8 41. Rg7+ Kh8 42. Rf2 Rg8 43. Rff7 Rxg7 44. Rxg7 d4 45. Rxg6 Re2+ 46. Kc1 1-0

[Event "HUN-chT2 Asztalos 1617"]
[Site "Hungary"]
[Date "2016.10.30"]
[Round "3.8"]
[White "Gyorgy, Gergely"]
[Black "Jaeger, Laszlo"]
[Result "0-1"]
[WhiteElo "1792"]
[BlackElo "1818"]
[PlyCount "88"]
[EventDate "2016.09.25"]
[EventType "team-tourn"]
[EventRounds "11"]
[EventCountry "HUN"]
[SourceTitle "EXT 2021"]
[Source "ChessBase"]
[SourceDate "2020.10.23"]
[SourceVersion "1"]
[SourceVersionDate "2020.10.23"]
[SourceQuality "1"]
[WhiteTeam "Komlo Banyasz II"]
[BlackTeam "Baja"]
[WhiteTeamCountry "HUN"]
[BlackTeamCountry "HUN"]

1. e4 e5 2. Nf3 d6 3. Bc4 h6 4. d4 exd4 5. Nxd4 Nf6 6. Nc3 Be7 7. 0-0 0-0 8. f4 c5 9. Nf3 Nc6 10. h3 Na5 11. Be2 a6 12. a4 Bd7 13. e5 dxe5 14. fxe5 Ne8 15. Nd5 Be6 16. c4 Nc6 17. Be3 Nc7 18. Nxe7+ Qxe7 19. Qe1 b6 20. Rd1 Rad8 21. Qg3 Kh8 22. Nh4 Rxd1 23. Bxd1 Rd8 24. Bc2 Ne8 25. Bxh6 Nd4 26. Bd3 gxh6 27. Qf4 Qg5 28. Qe4 Qg7 29. Kh2 Rc8 30. Qe3 Nc6 31. Nf3 Na5 32. Qe4 Rd8 33. Be2 Qg6 34. Qh4 Nc6 35. b3 Ng7 36. Kh1 Nf5 37. Qf4 Ng3+ 38. Kh2 Nxf1+ 39. Bxf1 Nd4 40. Nh4 Qg5 41. Qe4 Rg8 42. Bd3 Qg3+ 43. Kh1 Nf5 44. Qf3 Qxf3 0-1

[Event "HUN-chT2 Asztalos 1516"]
[Site "Hungary"]
[Date "2016.04.03"]
[Round "10.7"]
[White "Jaeger, Laszlo"]
[Black "Horvath, Jozsef"]
[Result "1/2-1/2"]
[WhiteElo "1854"]
[BlackElo "1879"]
[PlyCount "33"]
[EventDate "2015.09.13"]
[EventType "team-tourn"]
[EventRounds "11"]
[EventCountry "HUN"]
[SourceTitle "EXT 2017"]
[Source "ChessBase"]
[SourceDate "2016.10.25"]
[SourceVersion "1"]
[SourceVersionDate "2016.10.25"]
[SourceQuality "1"]
[WhiteTeam "Baja Spartacus"]
[BlackTeam "Marcali"]
[WhiteTeamCountry "HUN"]
[BlackTeamCountry "HUN"]

1. e4 d6 2. d4 g6 3. Bd3 Bg7 4. Ne2 Nf6 5. 0-0 0-0 6. c3 e5 7. d5 c6 8. c4 cxd5 9. cxd5 Nbd7 10. Nbc3 Nc5 11. Bc2 a5 12. h3 Nh5 13. g4 Nf6 14. Kg2 Bd7 15. Kg3 Qc8 16. Be3 h5 17. f3 1/2-1/2